Word Ladder: Social Media Quiz Stats

 Plays Quiz Updated Mar 25, 2016

Challenge
Share
Tweet
Embed
Score 0/18 Timer 02:00
2 Plays Today
Hint 4-Letter Word % Correct
Cost of a bus rideFARE
96.7%
• Item on a library shelf •• BOOK •
96.5%
Tortoise opponentHARE
96.3%
Opposite of frontBACK
96.1%
Fly like an eagleSOAR
93%
Hand-washing necessitySOAP
92.4%
Male swineBOAR
90.3%
A strong dark beer BOCK
88.6%
Large boatSHIP
88.4%
Hint 4-Letter Word % Correct
• Informal conversation •• CHAT •
88.2%
Something on one's shoulder?CHIP
87.4%
Boy or man [UK]CHAP
86.1%
A rude personBOOR
86%
Listen!HARK
84.9%
To clear away vegetationHACK
84.3%
• To break suddenly •• SNAP •
72.9%
• Countenance, visage •• FACE •
71.8%
Small cutSNIP
69.8%

Today's Daily Dose

You're not logged in!

Compare scores with friends on all Sporcle quizzes.
Join for Free
OR
Log In

You Might Also Like...

Show Comments

Extras

Top Quizzes Today


Score Distribution

Your Account Isn't Verified!

In order to create a playlist on Sporcle, you need to verify the email address you used during registration. Go to your Sporcle Settings to finish the process.

Report this User

Report this user for behavior that violates our Community Guidelines.

Details: